Sports Quiz

Random Sports Quiz

Triple Crown & Travers Quiz Stats

 Plays Quiz not verified by Sporcle

Challenge
Share
Tweet
Embed
Score 0/24 Timer 08:00
0 Plays Today
Year Horse % Correct
2007Street Sense
71.4%
2001Point Given
62.1%
2004Birdstone
59.7%
1920Man o'War
58.7%
1941Whirlaway
58.3%
1995Thunder Gulch
57.8%
1989Easy Goer
56.3%
1993Sea Hero
52.9%
2006Bernardini
52.4%
1999Lemon Drop Kid
49.5%
2009Summer Bird
48.5%
1953Native Dancer
36.9%
Year Horse % Correct
1969Arts and Letters
29.1%
1967Damascus
27.7%
1980Temperence Hill
23.8%
1931Twenty Grand
23.3%
1942Shut Out
19.4%
1957Gallant Man
18.4%
1964Quadrangle
16.5%
1962Jaipur
11.7%
1959Sword Dancer
10.7%
1965Hail To All
8.3%
1936Granville
6.8%
1952One Count
6.8%

You're not logged in!

Compare scores with friends on all Sporcle quizzes.
Join for Free
OR
Log In

You Might Also Like...

Show Comments

Extras

Top Quizzes Today


Score Distribution

Your Account Isn't Verified!

In order to create a playlist on Sporcle, you need to verify the email address you used during registration. Go to your Sporcle Settings to finish the process.

Report this User

Report this user for behavior that violates our Community Guidelines.

Details: